=LDR 00000nam 2200000 4500 =001 INLIS000000000003858 =005 20251118123916 =035 ##$$a 0010-0222000469 =245 1#$$a Alur Proses Pembuatan Minuman Mountea : $b Kuliah Kerja Praktek /$c Lilis Suriyati (TM135328) =100 #$$a LILIS Suriyati =250 ##$$a 2016 =300 ##$$a x, 28 halaman : $b Tabel, gambar ; $c 20,5x28 cm =856 ##$$a OPAC (Ruang Referensi) =260 ##$$a Makassar :$b Politeknik ATI Makassar - Teknik dan Manajemen Industri,$c 2015 =082 ##$$a (R)2016 LKKP-T&MI 818 =084 ##$$a (R)2016 LKKP-T&MI 818 LIL a =650 #4$$a Laporan Praktek T&MI 2016 =500 ##$$a Laporan Praktek T&MI 2016 =008 251118################|##########|#|## =990 ##$$a 04/LKKP T&MI 2016